000 00458nam a2200169 4500
999 _c186395
_d186395
005 20220225123859.0
010 _aENG-131800
020 _a978-93-89447-99-6
_c469.00
035 _aEN-115332
037 _bDBAD/PUB
082 _a000
245 _aCTET/
260 _aNew Delhi
_bDreamtech Press
_c2019
270 _a19-A, Ansari Road, Darya Ganj
_bNew Delhi
_e110006
300 _a513p..
_c27cm(pbk)
_bindex
942 _2ddc
_cEN
_h000
_mCTE